| 000 | 03052nam a2200289Ia 4500 | ||
|---|---|---|---|
| 003 | CO-CtgCURN | ||
| 005 | 20250905233530.0 | ||
| 008 | 190723s2004 xx 000 0 und d | ||
| 020 | _a958690685X | ||
| 040 |
_aCO-CtgCURN _bspa _ccoctgcurn |
||
| 082 |
_a352.65 _bR541 |
||
| 100 |
_aRico Puerta, Luis Alonso _eautor |
||
| 245 | 0 |
_aTeoría general y práctica de la contratación estatal : _bconcordada con el Decreto 2170 de 2002 / _cLuis Alonso Rico Puerta |
|
| 250 | _a3 edición | ||
| 260 |
_aBogotá, Colombia : _bLeyer, _c2004 |
||
| 300 |
_a863 páginas ; _c24 centímetros |
||
| 500 | _aIncluye índice | ||
| 504 | _aIncluye referencias bibliográficas | ||
| 505 | _aCap. I. Introducción. Planteamientos generales -- Cap. II. Contratación y titularidad estatal -- Cap. III. La noción de contrato estatal en la Ley 80 de 1993. Concepto de acto jurídico -- CAp. IV. Definición de algunos contratos estatales -- Cap. V. Perfeccionamiento y ejecución del contrato estatal -- Cap. VI. Publicación de los contratos -- Cap. VII. Nuevo régimen de publicidad de actos del proceso contractual estatal. Contratación por medios electrónicos -- Cap. VIII. Equilibrio contractual -- Cap. IX. Régimen de inhabilidades e incompatibles en materi contractual estatal -- Cap. X. Delegación para contratar -- Cap. XI. Interpretación de las reglas contractuales -- Cap. XII. Los principios de la contratación estatal -- Cap. XIII. Principio de transparencia -- Ca. XIV. Principio de responsabilidad -- Cap. XV. Principio de economía -- Cap. XVI. Selección objetiva del contratista -- Cap. XVII. Registro de proponentes -- Cap. XVIII. Término para resolver las peticiones relacionadas con el contrato -- Cap. XIX. Las garantías en la contratación estatal -- Cap. XX. La solución de las controversias contractuales -- Cap. XXI. Juez competente para conocer de las controversias derivadas de los contratos estatales y de los procesos de ejecución o cumplimiento -- Cap. XXII. Liquidación del contrato. Ocurrencia y contenido. Liquidación de mutuo acuerdo. Liquidación unilateral -- Cap. XXIII. Terminación de los contratos -- Cap. XXIV. De la anulabilidad del contrato civil, comercial, y estatal. Legitimación para su alegación. Término prescriptivo -- Cap. XXV. Control sobre la contratación estatal -- Cap. XXVI. Responsabilidad por la actividad contractual -- Cap. XXVII. De la accion de repeticion -- Cap. XXVIII. Descripción legal y práctica de los procesos de contratación -- Cap. XXIX. Estructura formal y temporal de la contratación directa -- Cap. XXX. Materias que pueden contratarse directamente -- Cap. XXXI. De la contratación de urgencia manifiesta -- Cap. XXXII. Venta de bienes de las entidades estatales. | ||
| 521 | _aAREA PROFESIONAL | ||
| 590 | _aPrograma de Derecho_18 | ||
| 630 | 0 | 4 |
_aDecreto 2170 de 2002 _zColombia |
| 650 | _aContratos | ||
| 650 | _aContratos públicos | ||
| 942 |
_cBK _h352.65 _iR541 _01 _2ddc _n0 |
||
| 999 |
_c29825 _d29825 |
||